000 00774nam a2200253 i 4500
003 DO-SdBNP
005 20230412114650.0
007 ta
008 230412b2022 pr ||||| |||| 00| p spa d
020 _a9789945608861
040 _aDO-SdBNP
_bspa
_cBNPHU
_erda
082 4 _222
245 1 0 _aNo todo será perdonado :
_b[poesía] /
_cFernando Operé.
264 _aSan Juan, Puerto Rico :
_bIsla Negra Editores,
_c2022.
300 _a84 páginas
_b22 cm.
336 _2rdacontent
_atexto
_btxt
337 _2rdamedia
_asin mediación
_bn
338 _2rdacarrier
_avolumen
_bnc
490 0 _a Filo de Juego
500 _aIncluye datos biográficos del autor en la solapa de la cubierta.
590 _a Inventariado, 2023 /LP
910 _aLopérez
942 _2ddc
_cLBS1
999 _c53210
_d53210